[Event "X. Solinger Karnevalsopen"]
[Site "Solingen"]
[Date "2019.03.03"]
[Round "5.16"]
[White "Michalczak, Thomas"]
[Black "Lux, Andreas"]
[Result "1-0"]
[WhiteElo "2239"]
[BlackElo "1809"]
[PlyCount "41"]
[EventDate "2019.??.??"]
[WhiteTeam "SG Solingen"]
[BlackTeam "SG Solingen"]

1. e4 d6 2. d4 g6 3. Nc3 Bg7 4. Be3 Nf6 5. Be2 O-O 6. g4 e5 7. g5 Nfd7 8. h4
exd4 9. Bxd4 Bxd4 10. Qxd4 Nc6 11. Qd2 Nb6 12. h5 Be6 13. O-O-O a5 14. f4 a4
15. Nf3 Nc4 16. Bxc4 Bxc4 17. e5 dxe5 18. Qh2 Qe7 19. Ne4 f5 20. gxf6 Rxf6 21.
Rd7 1-0

[Event "X. Solinger Karnevalsopen"]
[Site "Solingen"]
[Date "2019.03.03"]
[Round "5.17"]
[White "Breuer, Leon"]
[Black "Steinbach, Wolfgang"]
[Result "1/2-1/2"]
[WhiteElo "1715"]
[BlackElo "2022"]
[PlyCount "111"]
[EventDate "2019.??.??"]
[WhiteTeam "SC Listiger Bauer Essen"]
[BlackTeam "SG Solingen"]

1. e4 c5 2. Nf3 a6 3. d4 cxd4 4. Nxd4 Nf6 5. Nc3 e5 6. Nf3 Bb4 7. Bd3 d6 8. O-O
Nbd7 9. Bg5 Qc7 10. Ne2 h6 11. Be3 O-O 12. Ng3 Bc5 13. Nf5 Bxe3 14. Nxe3 Nc5
15. Nd2 Nxd3 16. cxd3 Be6 17. Rc1 Qe7 18. a3 b5 19. Qe2 d5 20. Rc2 dxe4 21.
dxe4 Rfd8 22. Rfc1 Rd4 23. f3 Rad8 24. Ndf1 Qa7 25. Kh1 Ne8 26. Rc5 Bc4 27.
R5xc4 bxc4 28. Rxc4 Rxc4 29. Qxc4 Kh7 30. h3 f6 31. Qe6 Nd6 32. Nd5 Qd7 33.
Qxd7 Rxd7 34. Nd2 Rb7 35. b3 Nb5 36. Nc4 Nd4 37. Nb4 Ra7 38. Na5 Kg6 39. Kg1
Kg5 40. Kf2 h5 41. Ke3 h4 42. f4+ Kg6 43. fxe5 fxe5 44. Nac6 Nxc6 45. Nxc6 Rb7
46. Nxe5+ Kf6 47. Ng4+ Ke6 48. b4 Rc7 49. Kd3 Rc1 50. a4 Ra1 51. a5 Ra3+ 52.
Kd4 Rg3 53. Ne3 Rg5 54. Nd5 Kd6 55. Ne3 Rb5 56. Nd5 1/2-1/2

[Event "X. Solinger Karnevalsopen"]
[Site "Solingen"]
[Date "2019.03.03"]
[Round "5.18"]
[White "Leontiev, Oleg"]
[Black "Ringeltaube, Denny"]
[Result "1-0"]
[WhiteElo "2007"]
[BlackElo "1680"]
[PlyCount "57"]
[EventDate "2019.??.??"]
[WhiteTeam "SV Turm Sankt Augustin"]
[BlackTeam "Klub Kölner SF"]

1. d4 Nf6 2. Nf3 c5 3. e3 d5 4. b3 cxd4 5. exd4 e6 6. Bd3 Bd6 7. O-O b6 8. Qe2
O-O 9. Bg5 h6 10. Bh4 Nbd7 11. Ne5 Qc7 12. f4 Bb7 13. Nd2 Rac8 14. g4 Bxe5 15.
fxe5 Ne4 16. Nf3 f5 17. g5 hxg5 18. Nxg5 Nxg5 19. Bxg5 g6 20. Rf4 Kf7 21. Raf1
Kg7 22. Rh4 Rh8 23. Rff4 Rxh4 24. Rxh4 Rg8 25. Qe3 Kf7 26. Qe1 Qc8 27. Qb4 Qf8
28. Qa4 Qe8 29. Bb5 1-0

[Event "X. Solinger Karnevalsopen"]
[Site "Solingen"]
[Date "2019.03.03"]
[Round "5.19"]
[White "Hartjes, Jenny"]
[Black "Schröder, Jörg"]
[Result "1/2-1/2"]
[WhiteElo "1668"]
[BlackElo "2007"]
[PlyCount "64"]
[EventDate "2019.??.??"]
[WhiteTeam "OSC Rheinhausen"]
[BlackTeam "Oberhausener SV"]

1. d4 Nf6 2. Nf3 d5 3. c4 e6 4. Nc3 a6 5. e3 dxc4 6. Bxc4 b5 7. Bd3 c5 8. dxc5
Bxc5 9. O-O Bb7 10. a3 O-O 11. b4 Be7 12. Bb2 Nbd7 13. Qe2 Rc8 14. Rac1 Rc7 15.
Rfd1 Qa8 16. e4 Rfc8 17. Rc2 Nb6 18. Rdc1 Nc4 19. Bxc4 Rxc4 20. Nd2 R4c7 21. f3
Qa7+ 22. Kh1 Nd7 23. Nb3 Bg5 24. Nd2 Qe3 25. Qf1 Ne5 26. Nd1 Qb6 27. Rxc7 Rxc7
28. Rxc7 Qxc7 29. f4 Bxf4 30. Qxf4 Qc2 31. Bxe5 Qxd1+ 32. Nf1 Bxe4 1/2-1/2

[Event "X. Solinger Karnevalsopen"]
[Site "Solingen"]
[Date "2019.03.03"]
[Round "5.20"]
[White "Hapka, Luca"]
[Black "Schmuck, Markus"]
[Result "0-1"]
[WhiteElo "1233"]
[BlackElo "1963"]
[PlyCount "52"]
[EventDate "2019.??.??"]
[WhiteTeam "Fideler Bauer Leverkusen"]
[BlackTeam "SG Solingen"]

1. e4 c5 2. Nf3 Nc6 3. d4 cxd4 4. Nxd4 e5 5. Nf3 Bc5 6. Bb5 d6 7. Nc3 Bg4 8.
O-O Nge7 9. Re1 O-O 10. Nd5 Nxd5 11. Bxc6 bxc6 12. exd5 Qb6 13. Be3 Bxe3 14.
Rxe3 cxd5 15. Qxd5 Qxb2 16. Qd1 Rab8 17. Rb3 Rxb3 18. axb3 e4 19. h3 Bh5 20. g4
exf3 21. gxh5 Qf6 22. Ra4 Re8 23. Qd5 Qc3 24. Re4 Rf8 25. h6 Qa1+ 26. Kh2 Qf1
0-1

[Event "X. Solinger Karnevalsopen"]
[Site "Solingen"]
[Date "2019.03.03"]
[Round "5.21"]
[White "Iov, Dmitrii"]
[Black "Neu, Martin"]
[Result "1-0"]
[WhiteElo "1892"]
[BlackElo "1233"]
[PlyCount "105"]
[EventDate "2019.??.??"]
[WhiteTeam "Oberbilker SV"]
[BlackTeam "SG Niederkassel"]

1. d4 d5 2. c4 e6 3. Nf3 Nf6 4. Nc3 Bb4 5. e3 Nc6 6. Bd3 dxc4 7. Bxc4 O-O 8.
O-O Qe7 9. a3 Bxc3 10. bxc3 Rd8 11. a4 Nd5 12. Qc2 e5 13. Ba3 Qf6 14. Bxd5 Rxd5
15. Qe4 Be6 16. c4 Ra5 17. d5 Bf5 18. Qh4 Nd8 19. Qg3 Bd3 20. Rfc1 Rxa4 21. Bb2
Rxc4 22. Bxe5 Qg6 23. Qxg6 hxg6 24. Bxc7 Rc8 25. Rxc4 Bxc4 26. d6 Ne6 27. Rxa7
Nxc7 28. dxc7 Ba6 29. Nd4 Rxc7 30. Ra8+ Kh7 31. h3 Rc1+ 32. Kh2 Rf1 33. Kg3 Rb1
34. Nf3 Rb5 35. h4 f6 36. Rf8 Rb6 37. Nd4 Bc4 38. Rd8 Be6 39. Kf4 Ba2 40. g4
Be6 41. g5 Ba2 42. Kg3 Ra6 43. Rd7 Rb6 44. gxf6 Rxf6 45. Rxb7 Bd5 46. Rd7 Be4
47. Re7 Ba8 48. Re8 Bd5 49. Rd8 Ba2 50. Nf3 Bg8 51. Ng5+ Kh8 52. f4 Rxf4 53.
Rxg8+ 1-0

[Event "X. Solinger Karnevalsopen"]
[Site "Solingen"]
[Date "2019.03.03"]
[Round "5.22"]
[White "Boschek, Dr. Hans-Joachim"]
[Black "König, Linus"]
[Result "1-0"]
[WhiteElo "1922"]
[BlackElo "1629"]
[PlyCount "55"]
[EventDate "2019.??.??"]
[WhiteTeam "SG Solingen"]
[BlackTeam "SF Schlebusch"]

1. Nf3 Nf6 2. c4 e6 3. g3 Be7 4. Bg2 O-O 5. O-O d5 6. b3 c5 7. Bb2 Nc6 8. cxd5
exd5 9. d4 Bf5 10. Nc3 Re8 11. Rc1 Rc8 12. dxc5 Bxc5 13. Na4 Be7 14. Nc5 b6 15.
Nd3 Nd7 16. Nf4 Bg5 17. Nxg5 Qxg5 18. Qxd5 Ne7 19. Rxc8 Rxc8 20. Qb7 Rc2 21.
Bc1 Qf6 22. e4 Be6 23. Qa8+ Rc8 24. Qxa7 Nc6 25. Qa3 Nd4 26. Qa6 Rc2 27. Be3
Bg4 28. f3 1-0

[Event "X. Solinger Karnevalsopen"]
[Site "Solingen"]
[Date "2019.03.03"]
[Round "5.23"]
[White "Meyer zu Kniendorf, Jochen"]
[Black "Martino-Groß, Peter"]
[Result "0-1"]
[WhiteElo "1723"]
[BlackElo "1947"]
[PlyCount "62"]
[EventDate "2019.??.??"]
[WhiteTeam "Düsseldorfer SK"]
[BlackTeam "SC Solingen 28"]

1. c4 c5 2. g3 Nf6 3. Bg2 d5 4. cxd5 Nxd5 5. Nc3 Nb6 6. Nf3 Nc6 7. O-O e5 8. d3
Be7 9. a3 O-O 10. b3 Be6 11. Bb2 f6 12. Rc1 Na5 13. Nd2 Qd7 14. Nc4 Nbxc4 15.
bxc4 Rab8 16. Re1 a6 17. a4 Nc6 18. Ra1 Rfd8 19. Qd2 Bxc4 20. Qc1 Be6 21. Ne4
b6 22. Qe3 Nd4 23. Bxd4 cxd4 24. Qc1 Rdc8 25. Qb2 b5 26. a5 Rc7 27. Rec1 Rbc8
28. Rxc7 Qxc7 29. h3 Qc2 30. Qxc2 Rxc2 31. Kf1 f5 0-1

[Event "X. Solinger Karnevalsopen"]
[Site "Solingen"]
[Date "2019.03.03"]
[Round "5.24"]
[White "Tanz, Manfred"]
[Black "Prang, Andreas"]
[Result "0-1"]
[WhiteElo "1610"]
[BlackElo "1821"]
[PlyCount "102"]
[EventDate "2019.??.??"]
[BlackTeam "SV Unser Fritz"]

1. e4 c5 2. f4 d5 3. e5 Nc6 4. c3 d4 5. Nf3 a6 6. d3 e6 7. Be2 Nge7 8. O-O Nf5
9. Qe1 g6 10. Qf2 Be7 11. Nbd2 b5 12. Ne4 h5 13. Nfg5 Bb7 14. Bd2 Kf8 15. Rad1
Kg7 16. h4 Qc7 17. Bc1 Rad8 18. Bf3 a5 19. Nf6 a4 20. a3 Na5 21. Bxb7 Qxb7 22.
Nfe4 Nb3 23. c4 bxc4 24. dxc4 Qa6 25. Nd2 Nxd2 26. Bxd2 Qxc4 27. Ba5 Rb8 28.
Rc1 Qb5 29. Bc7 Rb7 30. Bd6 Nxd6 31. exd6 Bxd6 32. Ne4 Be7 33. Qe1 Rc8 34. Ng5
Qb3 35. Qe5+ Bf6 36. Qe4 Qe3+ 37. Kh1 Qxe4 38. Nxe4 Be7 39. Rf2 Rb5 40. g3 f5
41. Ng5 Bxg5 42. fxg5 e5 43. Rc4 d3 44. Rxa4 Rc7 45. Rc4 e4 46. Rd2 Rd7 47. b4
cxb4 48. axb4 e3 49. Rb2 d2 50. Rbc2 d1=Q+ 51. Kg2 Rd2+ 0-1

[Event "X. Solinger Karnevalsopen"]
[Site "Solingen"]
[Date "2019.03.03"]
[Round "5.25"]
[White "Meckel, Helmut"]
[Black "Mukovskiy, Peter"]
[Result "0-1"]
[WhiteElo "1819"]
[BlackElo "1545"]
[PlyCount "90"]
[EventDate "2019.??.??"]
[WhiteTeam "SG Solingen"]
[BlackTeam "Düsseldorfer SK"]

1. b4 c5 2. bxc5 e5 3. Bb2 Nc6 4. e3 Bxc5 5. Nf3 d6 6. d4 Bb4+ 7. c3 Ba5 8.
dxe5 dxe5 9. Qxd8+ Bxd8 10. Bb5 Bf6 11. c4 e4 12. Bxf6 Nxf6 13. Nd4 Bd7 14. Nc3
O-O 15. Bxc6 Bxc6 16. Nxc6 bxc6 17. Ke2 Rab8 18. Rab1 Rfd8 19. Rhd1 Kf8 20.
Rxd8+ Rxd8 21. Rb7 Rd7 22. Rxd7 Nxd7 23. Nxe4 Ne5 24. Nd2 Ke7 25. e4 Kd6 26. f4
Nd7 27. Nb3 f6 28. Ke3 g6 29. g4 h6 30. h4 a6 31. h5 g5 32. fxg5 fxg5 33. Nd4
Nf6 34. Nf5+ Kc5 35. Nxh6 Kxc4 36. Nf5 Nxg4+ 37. Ke2 Nf6 38. e5 Nxh5 39. e6
Nf4+ 40. Kf3 Nxe6 41. Kg4 c5 42. Ne7 Kd3 43. Kf5 Nd4+ 44. Kxg5 c4 45. Nd5 c3
0-1

[Event "X. Solinger Karnevalsopen"]
[Site "Solingen"]
[Date "2019.03.03"]
[Round "5.26"]
[White "Jacobi, Niklas"]
[Black "Spranzel, Dietmar"]
[Result "1/2-1/2"]
[WhiteElo "1812"]
[BlackElo "1558"]
[PlyCount "105"]
[EventDate "2019.??.??"]
[WhiteTeam "SV Wesel"]
[BlackTeam "SF Schlebusch"]

1. e4 d5 2. exd5 Qxd5 3. Nc3 Qd6 4. d4 Nf6 5. Nf3 a6 6. Be2 Bg4 7. h3 Bh5 8.
Be3 e6 9. O-O Nc6 10. Qd2 Be7 11. Bf4 Qd7 12. Rad1 Rd8 13. a3 h6 14. b4 g5 15.
Bg3 g4 16. hxg4 Bxg4 17. Qf4 h5 18. Qxc7 Qxc7 19. Bxc7 Rc8 20. Bg3 Nxb4 21.
axb4 Rxc3 22. b5 O-O 23. bxa6 bxa6 24. Bxa6 Bxf3 25. gxf3 Rxc2 26. Rc1 Rxc1 27.
Rxc1 Nd5 28. Bb7 Rd8 29. Kf1 Bd6 30. Ke2 Bxg3 31. fxg3 Kg7 32. Rc5 Kg6 33. Bxd5
exd5 34. f4 f6 35. Kf3 Rd7 36. g4 hxg4+ 37. Kxg4 f5+ 38. Kh4 Rh7+ 39. Kg3 Rd7
40. Rc6+ Kg7 41. Kh4 Re7 42. Kg5 Re4 43. Rc7+ Kg8 44. Kg6 Kf8 45. Rf7+ Kg8 46.
Rd7 Kf8 47. Kf6 Ke8 48. Rxd5 Rxf4 49. Kg5 Rf2 50. Re5+ Kd7 51. Rxf5 Rxf5+ 52.
Kxf5 Kd6 53. d5 1/2-1/2

[Event "X. Solinger Karnevalsopen"]
[Site "Solingen"]
[Date "2019.03.03"]
[Round "5.27"]
[White "Runte, Dirk"]
[Black "Stracke, André"]
[Result "1/2-1/2"]
[WhiteElo "1740"]
[BlackElo "1394"]
[PlyCount "101"]
[EventDate "2019.??.??"]
[WhiteTeam "Fideler Bauer Leverkusen"]
[BlackTeam "SF Lennep"]

1. d4 d5 2. c4 Nc6 3. e3 Nf6 4. Nc3 e6 5. Nf3 Bb4 6. a3 Bxc3+ 7. bxc3 O-O 8.
Be2 Ne4 9. Qc2 Ne7 10. O-O Ng6 11. Bd3 f5 12. Ne1 Qf6 13. f3 Nd6 14. c5 Nf7 15.
e4 f4 16. e5 Qg5 17. c4 c6 18. Bxg6 hxg6 19. Nd3 Nh6 20. Nxf4 Rxf4 21. Qd2 Nf5
22. Qxf4 Qxf4 23. Bxf4 Nxd4 24. Bg5 dxc4 25. Kf2 Nb3 26. Rad1 Nxc5 27. Rd8+ Kf7
28. f4 b5 29. Rfd1 Bb7 30. R1d7+ Nxd7 31. Rxd7+ Kg8 32. Rxb7 c3 33. Ke3 a5 34.
Kd3 b4 35. axb4 a4 36. Kxc3 a3 37. Rd7 a2 38. Rd1 a1=Q+ 39. Rxa1 Rxa1 40. Kb2
Ra7 41. Kc3 Kf7 42. g4 Ke8 43. h4 Ra3+ 44. Kc4 Rg3 45. h5 Rxg4 46. hxg6 Rg2 47.
Kc5 Kd7 48. Kb6 Rb2 49. Kc5 Rc2+ 50. Kd4 Rc1 51. Kd3 1/2-1/2

[Event "X. Solinger Karnevalsopen"]
[Site "Solingen"]
[Date "2019.03.03"]
[Round "5.28"]
[White "Illner, Jan"]
[Black "Bießner, Eberhard"]
[Result "0-1"]
[WhiteElo "1636"]
[BlackElo "1720"]
[PlyCount "58"]
[EventDate "2019.??.??"]
[WhiteTeam "SG Bochum"]
[BlackTeam "Rheydter SV"]

1. d4 Nf6 2. Nf3 Ne4 3. e3 b6 4. c4 e6 5. a3 Bb7 6. Be2 Be7 7. O-O O-O 8. b4 f5
9. Bb2 Bf6 10. Qb3 Kh8 11. Nc3 g5 12. Nxe4 fxe4 13. Nd2 d5 14. f4 Nd7 15. Rf2
Qe7 16. Raf1 Qg7 17. Bg4 Rae8 18. Bh5 Rd8 19. cxd5 exd5 20. fxg5 Qxg5 21. Rf5
Qg7 22. R1f2 c6 23. Nf1 Bh4 24. Rxf8+ Rxf8 25. Rxf8+ Qxf8 26. g3 Ba6 27. Nd2
Bg5 28. Bg4 Nf6 29. Bh3 Qh6 0-1

[Event "X. Solinger Karnevalsopen"]
[Site "Solingen"]
[Date "2019.03.03"]
[Round "5.29"]
[White "Podder, Michael"]
[Black "Albrecht, Philipp"]
[Result "1-0"]
[WhiteElo "1939"]
[BlackElo "1420"]
[PlyCount "31"]
[EventDate "2019.??.??"]
[WhiteTeam "Elberfelder SG"]
[BlackTeam "SF Brett vor'm Kopp Duisburg"]

1. e4 Nf6 2. e5 Nd5 3. d4 e6 4. Nf3 c5 5. c4 Nb4 6. a3 Qa5 7. Bd2 cxd4 8. Nxd4
Bc5 9. Nb3 Bxf2+ 10. Kxf2 Qb6+ 11. c5 Qc7 12. axb4 Qxe5 13. Bc3 Qf5+ 14. Qf3
Qc2+ 15. N1d2 O-O 16. Bd3 1-0

[Event "X. Solinger Karnevalsopen"]
[Site "Solingen"]
[Date "2019.03.03"]
[Round "5.30"]
[White "Marcziter, Alex"]
[Black "Reinacher, Detlev"]
[Result "0-1"]
[WhiteElo "1213"]
[BlackElo "1697"]
[PlyCount "96"]
[EventDate "2019.??.??"]
[WhiteTeam "SG Porz"]
[BlackTeam "SC Hansa Dortmund"]

1. e4 d6 2. d4 g6 3. Nc3 Bg7 4. f4 Nf6 5. Nf3 O-O 6. Bd3 c6 7. O-O b5 8. Bd2 a6
9. a3 Bb7 10. Qe2 e6 11. Rae1 Nbd7 12. e5 dxe5 13. fxe5 Nd5 14. Ne4 Qc7 15. Nd6
h6 16. Qf2 c5 17. Qh4 cxd4 18. Nxd4 Nxe5 19. Rxf7 Rxf7 20. Nxf7 Qxf7 21. Bxh6
Bxh6 22. Qxh6 Nxd3 23. cxd3 Rf8 24. Nf3 Nf4 25. Rf1 Bd5 26. Qh4 Qa7+ 27. Kh1
Nxg2 28. Kxg2 Qe3 29. Qg4 Qxd3 30. Kg1 Qe3+ 31. Kg2 g5 32. Kg3 Bxf3 33. Rxf3
Rxf3+ 34. Qxf3 Qxf3+ 35. Kxf3 Kf7 36. b4 Kf6 37. Ke4 e5 38. Ke3 Kf5 39. h3 e4
40. Ke2 Kf4 41. Kf2 e3+ 42. Ke2 Ke4 43. Ke1 Kf3 44. Kf1 e2+ 45. Ke1 Ke3 46. a4
bxa4 47. b5 a3 48. bxa6 a2 0-1

[Event "X. Solinger Karnevalsopen"]
[Site "Solingen"]
[Date "2019.03.03"]
[Round "5.31"]
[White "Tonev, Vasil"]
[Black "Karwatzki, Hans-Jürgen"]
[Result "1-0"]
[WhiteElo "1727"]
[BlackElo "1642"]
[PlyCount "45"]
[EventDate "2019.??.??"]
[WhiteTeam "SV Horrem"]
[BlackTeam "SF Stadtverwaltung Bonn"]

1. e4 e5 2. Nf3 Nc6 3. Bc4 Nf6 4. Nc3 Bc5 5. O-O d6 6. h3 O-O 7. d3 Be6 8. Bb3
Ne7 9. Be3 Ng6 10. d4 exd4 11. Nxd4 Qd7 12. Nxe6 fxe6 13. Bxc5 Qc6 14. Bxe6+
Kh8 15. Be3 Rae8 16. Bd5 Qd7 17. Qe2 Ne5 18. Rad1 h6 19. f4 Ng6 20. Qd3 Nh4 21.
f5 Nh5 22. Be6 Qe7 23. Nd5 1-0

[Event "X. Solinger Karnevalsopen"]
[Site "Solingen"]
[Date "2019.03.03"]
[Round "5.32"]
[White "Krol, Julian"]
[Black "Jorke, Roland"]
[Result "1-0"]
[WhiteElo "832"]
[BlackElo "1422"]
[PlyCount "123"]
[EventDate "2019.??.??"]
[WhiteTeam "SF Schlebusch"]
[BlackTeam "Ohligser Turnverein"]

1. d4 d5 2. c4 Nf6 3. Nc3 g6 4. Bg5 Bg7 5. Nf3 O-O 6. Bxf6 Bxf6 7. Nxd5 Bg7 8.
e3 Re8 9. Bd3 e5 10. dxe5 Bxe5 11. Nxe5 Rxe5 12. O-O c6 13. Nc3 Be6 14. Be2 Qe7
15. Qd4 Qc5 16. Qxc5 Rxc5 17. b3 a6 18. Ne4 Re5 19. Ng3 Nd7 20. Rad1 Nf6 21.
Rd3 Kf8 22. f3 Ke7 23. e4 Nh5 24. Nxh5 Rxh5 25. f4 Rh6 26. g3 f6 27. h4 Rd8 28.
Rfd1 Rd7 29. Rxd7+ Bxd7 30. Kf2 c5 31. Bf3 b6 32. Rh1 f5 33. e5 b5 34. Bb7 bxc4
35. bxc4 a5 36. Ba6 g5 37. Bb5 g4 38. Bxd7 Kxd7 39. Rb1 Kc7 40. Rb5 Rc6 41.
Rxa5 Kb6 42. Rb5+ Kc7 43. a4 h5 44. a5 Kc8 45. Rb6 Rc7 46. a6 Rd7 47. Ke3 Rd4
48. Rc6+ Kb8 49. Rxc5 Rd1 50. Rd5 Ra1 51. Rd6 Kc7 52. c5 Ra3+ 53. Kd4 Rxg3 54.
e6 Ra3 55. Rd7+ Kc8 56. a7 g3 57. Rg7 g2 58. Rxg2 Rxa7 59. Rg5 Ra4+ 60. Ke5 Ra5
61. Kd6 Ra6+ 62. c6 1-0

[Event "X. Solinger Karnevalsopen"]
[Site "Solingen"]
[Date "2019.03.03"]
[Round "5.33"]
[White "Bauer, Juri"]
[Black "Bolz, Jannis"]
[Result "0-1"]
[WhiteElo "1427"]
[BlackElo "1461"]
[PlyCount "88"]
[EventDate "2019.??.??"]
[WhiteTeam "Oberbilker SV"]
[BlackTeam "DJK Aufwärts Aachen"]

1. d4 Nf6 2. c4 g6 3. Nc3 d5 4. e3 Bg7 5. Nf3 O-O 6. c5 Bf5 7. Bd3 Bxd3 8. Qxd3
c6 9. a4 a5 10. O-O Nbd7 11. Ne5 Nxe5 12. dxe5 Nd7 13. f4 Nxc5 14. Qc2 Nd7 15.
Ne2 e6 16. Nd4 Qe7 17. Bd2 Qc5 18. Qd1 Qb6 19. Bc3 Nc5 20. Qc2 Ne4 21. Be1 Qd8
22. g4 Qe7 23. g5 Rfc8 24. h4 Qd8 25. Kg2 Qe7 26. Rh1 Qd7 27. Kf3 b5 28. Rc1
bxa4 29. Qxa4 Ra6 30. Rh2 Qb7 31. Rhc2 c5 32. Nb3 Bf8 33. Nxa5 Qa7 34. Ra1 Ra8
35. Qb5 Rb8 36. Qa4 Be7 37. b3 c4 38. b4 Qc7 39. b5 Rab6 40. Nc6 Rxb5 41. Nxb8
Rxb8 42. Ba5 Qc5 43. Rb1 Rxb1 44. Qe8+ Kg7 0-1

[Event "X. Solinger Karnevalsopen"]
[Site "Solingen"]
[Date "2019.03.03"]
[Round "5.34"]
[White "Soechting, Marc"]
[Black "Scheidtmann, Kian"]
[Result "1-0"]
[WhiteElo "1484"]
[BlackElo "1106"]
[PlyCount "55"]
[EventDate "2019.??.??"]
[WhiteTeam "SF Anna Wuppertal"]
[BlackTeam "SG Solingen"]

1. d4 Nf6 2. Bf4 d6 3. Nf3 g6 4. Nc3 Bg7 5. e4 O-O 6. Qd2 c6 7. O-O-O b5 8. a3
a5 9. e5 b4 10. exf6 bxc3 11. Qxc3 Bxf6 12. Bh6 Re8 13. h4 c5 14. Qe3 cxd4 15.
Nxd4 Qc7 16. Be2 Nc6 17. Nxc6 Qxc6 18. Bf3 Bxb2+ 19. Kxb2 Rb8+ 20. Kc1 Qc7 21.
h5 Bf5 22. Be4 e6 23. hxg6 Bxg6 24. Bxg6 hxg6 25. Bg5 Rbc8 26. Rd2 Kg7 27. Qf4
f5 28. Qd4+ 1-0